Statistics for Random Trivia Quiz #4

Click here to take the quiz!

General Stats

  • This quiz has been taken 25 times
    (22 since last reset)
  • The average score is 6 of 24

Answer Stats

HintAnswer% Correct
What lies in the center of nearly every galaxySupermassive Black Hole
75%
Number representing natural growth in mathematics, named after Leonard Eulere
60%
American actor starring in "Bridge of Spies", "The Green Mile" and "Big"Tom Hanks
60%
Swedish enviromental activist during the 2010'sGreta Thunberg
55%
Nicknamed the "Maid from Orléans"Joan of Arc
55%
Element namned "aurum" in latinGold
45%
Old russian title for king or conquererCzar
35%
The first book of the New Testament, namned after one of Christ's deciplesGospel of Matthew
35%
Main character of the tv-series "Grey Anatomy" started airing 2005Meredith
35%
Word for a small river which "lays near a tree where a songbird sings" in a song by Led ZeppelinBrook
25%
Main character of Herman Melvilles bestseller "Moby Dick"Ishmael
25%
Capital of Corse, where Napoleon Bonaparte was bornAjaccio
20%
Hungarian composers which gave his name to the airport in BudapestFranz Liszt
15%
Continue the sentence "Harry Truman, Doris Day, Red China,..."Johnnie Ray
15%
1994 drama film directed by Frank Darabont, based on the Stephen King novel "Rita Hayworth and ..."The Shawshank Redemption
15%
Particle which carries the strong nuclear forceGluon
10%
Keltic queen who's name translates to "the White Enchantress"Gueinevere
10%
Song by Kate Bush sharing it's name with a novel by Emily BrontëWuthering Heights
10%
The first winner of the Ballon d'or Féminin, who have played for Kolbotn and Turbine PotsdamAda Hegerberg
5%
Latin name for the family of Peafowl'sPavo
5%
The first female president of FinlandTarja Hallonen
5%
Mental disorder in which the affected person belives that they are dead or do not excistCotard's Syndrome
0%
British poet known for her works "Auroroa Leigh" and "Casa Guide Windows"Elizabeth Barrett Browning
0%
Dumpling from Georgia which ingredients include minced meat, onion, chili pepper, salt and cuminKhinkali
0%

Score Distribution

Percentile by Number Answered

Percent of People with Each Score

Your Score History

You have not taken this quiz since the last reset